000
00344 a2200157 4500
001
48287
020
_a
8516045749
040
_c
Anchieta - Bela Vista
100
_a
Nóbrega, Maria José
240
1
0
_a
Salada, saladinha
_l
por
245
1
0
_a
Salada, saladinha
300
_a
53
362
0
_a
2005
650
4
_a
Literatura infantil
942
_c
BK
999
_c
48287
_d
48287